000 00802nas a2200229 4500
001 BR7802966
003 BR-BrBNA
005 20231205083427.0
007 ta
008 230509b bl.|||p| |||| 00| 00por d
040 _aBR-BrBNA
_bpor
_cBiblioteca Nacional de Agricultura
041 _a(Pt)
072 _aE70
110 1 _aEmpresa de Pesquisa Agropecuaria de Minas Gerais, Belo Horizonte (Brasil)
245 1 _aVariacao estacional de precos de produtos agropecuarios no estado de Minas Gerais [Brasil]
650 _aPRECO
650 _aMERCADO
650 _aMINAS GERAIS
773 0 _tInforme Agropecuario - Empresa de Pesquisa Agropecuaria de Minas Gerais (Brazil)
_xISSN 0100-3364
_g(Aug 1977), v. 3(32) p. 8-105
_wBR7802966
909 _a202311
_bLúcia
_c55
_dLúcia Elande
942 _2AGRIS
_n0
_cANA
999 _c98676
_d98676